| 000 | 00820cam a2200253 4500 | ||
|---|---|---|---|
| 001 | ABS67022 | ||
| 008 | 030828n2003 000 0 eng u | ||
| 035 | _a(Sirsi) u123394 | ||
| 100 | _aShort, W. | ||
| 245 | _aStock buildings | ||
| 260 | _c2003 | ||
| 490 |
_aFarmers' Weekly _v139(5) 1 August 2003, 52-53(2) |
||
| 520 | _aA livestock buildings special that examines why wood is the housing material of choice for milk cows and the control of slurry store costs by diverting water. | ||
| 590 | _aABS | ||
| 650 | _aLIVESTOCK BUILDINGS | ||
| 650 | _aPROPERTY-RURAL AND NATURAL ASSETS-AGRICULTURAL PROPERTY-LIVESTOCK | ||
| 650 | _aSLURRY | ||
| 650 | _aNITRATE VULNERABLE ZONES | ||
| 650 | _aWOOD | ||
| 690 | _aRURAL-AGRICULTURE AND FORESTRY | ||
| 700 | _aLong, J. | ||
| 700 | _aAllison, R. | ||
| 942 | _n0 | ||
| 999 |
_c73295 _d73295 |
||